Wood engineering and construction handbook

Saved in:
Bibliographic Details
Main Authors: Faherty, Keith F (Author), Williamson, Thomas G (Author)
Format: Book
Language:English
Published: Nueva York MacGraw-Hill 1989
Subjects:
Tags: Add Tag
No Tags, Be the first to tag this record!

MARC

LEADER 00000nam a2200000 a 4500
001 UCW1993
003 CL-VaPUC
008 900309e19890000US |||||||||||||||||eng|d
082 0 4 |a 624.184  |b FAH  |2 21 
100 0 |a Faherty, Keith F  |e author  |9 305963 
700 0 |a Williamson, Thomas G  |e author  |9 305964 
245 1 0 |a Wood engineering and construction handbook 
300 |a 700 p 
942 |c BK 
945 |d 19900309 00:00:00 
260 |a Nueva York  |b MacGraw-Hill  |c 1989 
650 7 |a CONSTRUCCIONES DE MADERA  |2 CL-VaPUC  |9 305965 
583 |a last modification  |c 19900309 00:00:00  |k Rodrigo Vera 
999 |c 216674  |d 216672 
952 |0 0  |1 0  |4 0  |6 624_184000000000000_FAH_1989  |7 0  |8 P  |9 202613  |a BIBMEC  |b BIBMEC  |d 2019-11-14  |i 2699370  |o 624.184 FAH 1989  |p 2699370  |r 2019-11-14  |w 2019-11-14  |y BK  |k MEC